000
00412nam a2200145Ia 4500
008
100122s9999 xx 000 0 und d
082
_b
67032
_a
920.72
100
_a
सप्रे मधुवंती
245
_a
अर्जुनी
260
_b
प्रतीक प्रकाशन
_c
2005
300
_a
130
630
_a
अर्जुनी
730
_a
अर्जुनी
942
_c
BOOK
999
_c
439348
_d
439345